The handmade life : a companion to modern crafting (Record no. 9508)

000 -LEADER
fixed length control field 00375nam a2200145 4500
003 - CONTROL NUMBER IDENTIFIER
control field OSt
005 - DATE AND TIME OF LATEST TRANSACTION
control field 20210630105514.0
008 - FIXED-LENGTH DATA ELEMENTS--GENERAL INFORMATION
fixed length control field 210630b ||||| |||| 00| 0 eng d
020 ## - INTERNATIONAL STANDARD BOOK NUMBER
International Standard Book Number 9780500518922
082 ## - DEWEY DECIMAL CLASSIFICATION NUMBER
Classification number 745.5
Item number BAR
100 ## - MAIN ENTRY--PERSONAL NAME
Personal name Barry, Ramona
245 ## - TITLE STATEMENT
Title The handmade life : a companion to modern crafting
260 ## - PUBLICATION, DISTRIBUTION, ETC. (IMPRINT)
Place of publication, distribution, etc New York
Name of publisher, distributor, etc Thames and Hudson
Date of publication, distribution, etc 2015
942 ## - ADDED ENTRY ELEMENTS (KOHA)
Source of classification or shelving scheme
Holdings
Withdrawn status Lost status Source of classification or shelving scheme Damaged status Koha normalized classification for sorting Not for loan Permanent location Current location Date acquired Full call number Barcode Date last seen Price effective from Koha item type
        745_500000000000000_BAR   BMS College of Architecture, Design and Planning BMS College of Architecture, Design and Planning 2021-06-30 745.5 BAR AR-UG2232 2021-06-30 2021-06-30 UG Books
Copyright © 2025, The Librarian, Library and Information Centre, BMSCA D&P, Bengaluru. All Rights Reserved
web counter

Powered by Koha